[Event "Titled Tue 26th Aug Early"]
[Site "chess.com INT"]
[Date "2025.08.26"]
[Round "10"]
[White "Romero Ruscalleda, Josep"]
[Black "Mohmad Bashiq Imrose"]
[Result "0-1"]
[WhiteTitle "FM"]
[BlackTitle "CM"]
[WhiteElo "2110"]
[BlackElo "2120"]
[WhiteFideId "2231859"]
[BlackFideId "25654489"]
[EventDate "2025.08.26"]

1. e4 c6 2. Nc3 d5 3. Nf3 dxe4 4. Nxe4 g6 5. Bc4 Bg7 6. d4 Nf6 7. Neg5 O-O 8.
Qe2 e6 9. c3 h6 10. Ne4 Nd5 11. O-O Nd7 12. Nd6 N7b6 13. Nxc8 Rxc8 14. Bd3 c5
15. dxc5 Rxc5 16. Rd1 Rc8 17. c4 Nb4 18. Bxg6 Qc7 19. Be4 Qxc4 20. Qxc4 Rxc4 21.
Bxb7 Rb8 22. a3 Nc2 23. Ba6 Nxa1 24. Bxc4 Nxc4 25. Bf4 Rxb2 26. Rxa1 Nxa3 27.
Be3 Nb5 28. h3 Rxf2 29. Rxa7 Nxa7 30. Kxf2 Nc6 31. g4 Kh7 32. h4 Bf6 33. Kg3 Kg6
34. Bc5 Ne5 35. Nxe5+ Bxe5+ 36. Kf3 h5 37. g5 Kf5 38. Bf2 Bc3 39. Be3 Be1 40.
Bd4 Bxh4 0-1

[Event "Titled Tue 26th Aug Early"]
[Site "chess.com INT"]
[Date "2025.08.26"]
[Round "10"]
[White "Reprintsev, Alexander"]
[Black "Krysa, Leandro"]
[Result "0-1"]
[WhiteTitle "IM"]
[BlackTitle "GM"]
[WhiteElo "2256"]
[BlackElo "2468"]
[WhiteFideId "14100541"]
[BlackFideId "116807"]
[EventDate "2025.08.26"]

1. e4 c5 2. b3 g6 3. Bb2 Nf6 4. Nc3 d6 5. Bb5+ Bd7 6. Bxd7+ Nbxd7 7. Qe2 Bg7 8.
O-O-O O-O 9. h4 h5 10. f3 Ne5 11. g4 hxg4 12. h5 Nxh5 13. f4 Nxf4 14. Qh2 Nh5
15. Nd5 e6 16. Ne3 Qg5 17. Ne2 g3 18. Qh3 f5 19. exf5 exf5 20. Rdg1 f4 21. Qe6+
Rf7 22. Nd5 f3 23. Rxh5 gxh5 24. Nxg3 f2 25. Rf1 Qxg3 26. Ne7+ Kh7 27. Bxe5 Qxe5
28. Qg6+ Kh8 29. c3 Qxe7 30. Qxh5+ Kg8 0-1

[Event "Titled Tue 26th Aug Early"]
[Site "chess.com INT"]
[Date "2025.08.26"]
[Round "10"]
[White "Pechnikov, Artiom"]
[Black "Carafizi, Vasile"]
[Result "0-1"]
[WhiteTitle "CM"]
[BlackTitle "FM"]
[WhiteElo "2014"]
[BlackElo "2134"]
[WhiteFideId "24104124"]
[BlackFideId "4002539"]
[EventDate "2025.08.26"]

1. e4 e5 2. Nf3 Nc6 3. Bb5 Nf6 4. O-O d6 5. d4 exd4 6. Nxd4 Bd7 7. Bxc6 bxc6 8.
Nc3 Be7 9. Re1 O-O 10. b3 c5 11. Nde2 Bg4 12. f3 Bc8 13. Bb2 Bb7 14. Nf4 Re8 15.
Qd2 Nd7 16. Rad1 Ne5 17. Ncd5 Bg5 18. Qc3 c6 19. Ne3 Bxf4 20. Nf5 Qg5 21. Nxd6
Re6 22. Nxb7 Rh6 23. h3 Rxh3 24. Qxc5 Nxf3+ 25. Kf1 Rh1+ 26. Kf2 Qg3+ 27. Ke2
Qxg2+ 28. Kd3 Nxe1+ 29. Rxe1 Qd2+ 0-1

[Event "Titled Tue 26th Aug Early"]
[Site "chess.com INT"]
[Date "2025.08.26"]
[Round "10"]
[White "Puzyrevsky, Semyon"]
[Black "Amburgy, Ryan"]
[Result "1-0"]
[WhiteTitle "FM"]
[BlackTitle "FM"]
[WhiteElo "2269"]
[BlackElo "2363"]
[WhiteFideId "24240931"]
[BlackFideId "30924820"]
[EventDate "2025.08.26"]

1. Nf3 d5 2. d4 Nf6 3. Bf4 c5 4. e3 Nc6 5. Nbd2 cxd4 6. exd4 Qb6 7. Nb3 Bg4 8.
c3 e6 9. Bd3 Be7 10. h3 Bh5 11. O-O O-O 12. Rb1 Ne4 13. Re1 f5 14. c4 Nb4 15. c5
Qd8 16. Be2 g5 17. Bd2 Nc6 18. Nh2 Bg6 19. Bb5 Bf6 20. Bxc6 bxc6 21. f3 Ng3 22.
Rxe6 f4 23. Rc1 Rb8 24. Be1 Nf5 25. Bf2 Qd7 26. Re1 h5 27. Qd2 Qg7 28. Re6 a5
29. Nxa5 Bxd4 30. Bxd4 Nxd4 31. Rxg6 Nxf3+ 32. Nxf3 Qxg6 33. Ne5 Qe4 34. Nd7
Rbe8 35. Nxf8 Kxf8 36. Nxc6 Re6 37. Nd4 Re8 38. c6 Ke7 39. c7 Kd7 40. c8=Q+ Rxc8
41. Rxc8 Kxc8 42. Qc2+ Kd7 43. Qxe4 dxe4 44. Ne2 Kd6 45. h4 f3 46. gxf3 exf3 47.
Ng3 gxh4 48. Nxh5 Ke5 49. Kf2 Ke4 50. Nf6+ Kf4 51. Nh5+ Kg4 52. a4 1-0

[Event "Titled Tue 26th Aug Early"]
[Site "chess.com INT"]
[Date "2025.08.26"]
[Round "10"]
[White "Sergiienko, Andrii"]
[Black "Sobek, Jaroslav"]
[Result "1-0"]
[BlackTitle "FM"]
[WhiteElo "1921"]
[BlackElo "2195"]
[WhiteFideId "14194376"]
[BlackFideId "301388"]
[EventDate "2025.08.26"]

1. d4 d5 2. c4 dxc4 3. Nf3 Nf6 4. g3 b5 5. a4 c6 6. Bg2 e6 7. Ne5 Nd5 8. e4 Bb4+
9. Bd2 Bxd2+ 10. Nxd2 Nb4 11. O-O Bb7 12. Qh5 O-O 13. d5 cxd5 14. axb5 Nd7 15.
Nc6 Nxc6 16. bxc6 Bxc6 17. exd5 Nf6 18. Qe5 exd5 19. Nxc4 Bb5 20. Nd6 Bxf1 21.
Rxf1 Rb8 22. Rd1 Rb6 23. Nf5 Re6 24. Qd4 Qb6 25. Bxd5 Nxd5 26. Qxg7# 1-0

[Event "Titled Tue 26th Aug Early"]
[Site "chess.com INT"]
[Date "2025.08.26"]
[Round "10"]
[White "Piesik, Piotr"]
[Black "Donoso Aguirre, Maximiliano"]
[Result "1-0"]
[WhiteTitle "IM"]
[BlackTitle "CM"]
[WhiteElo "2427"]
[BlackElo "1978"]
[WhiteFideId "1136194"]
[BlackFideId "3458920"]
[EventDate "2025.08.26"]

1. Nf3 d5 2. g3 e6 3. Bg2 Nf6 4. O-O Be7 5. d3 O-O 6. Nbd2 c5 7. e4 Nc6 8. Re1
Qc7 9. Nf1 dxe4 10. dxe4 e5 11. c3 b6 12. Bg5 Bb7 13. Bxf6 Bxf6 14. Ne3 Rad8 15.
Qa4 Rfe8 16. Nd5 Qd6 17. Rad1 Qe6 18. h4 h6 19. Nc7 Qc8 20. Nxe8 Rxe8 21. Kh2
Qc7 22. Bh3 Bc8 23. Bxc8 Qxc8 24. Rd6 Re6 25. Red1 Be7 26. Rxe6 Qxe6 27. Kg2 Kh7
28. Rd5 f5 29. Nd2 f4 30. Qd1 Qg6 31. h5 Qg5 32. g4 Bf6 33. Nc4 Ne7 34. Rd7 Qh4
35. Qf3 Qg5 36. Nd6 g6 37. Nf7 Qh4 38. Qh3 gxh5 39. Qxh4 Bxh4 40. gxh5 Bf6 41.
Nxe5 1-0

[Event "Titled Tue 26th Aug Early"]
[Site "chess.com INT"]
[Date "2025.08.26"]
[Round "10"]
[White "Liang, Awonder"]
[Black "Samunenkov, Ihor"]
[Result "0-1"]
[WhiteTitle "GM"]
[BlackTitle "GM"]
[WhiteElo "2696"]
[BlackElo "2548"]
[WhiteFideId "2056437"]
[BlackFideId "14187086"]
[EventDate "2025.08.26"]

1. b3 d5 2. Bb2 Nf6 3. e3 e6 4. d3 b6 5. Nd2 Bb7 6. a3 Nbd7 7. Ngf3 Be7 8. g3
O-O 9. Bg2 c5 10. O-O Qc7 11. Qe2 b5 12. e4 dxe4 13. dxe4 c4 14. bxc4 bxc4 15.
Qxc4 Qxc4 16. Nxc4 Bxe4 17. Nd4 Rfc8 18. Ne3 Rab8 19. Rab1 Nc5 20. Ba1 Rb6 21.
Rxb6 axb6 22. Rb1 Na4 23. Bxe4 Nxe4 24. Nb5 Bc5 25. Bd4 Nd2 26. Rd1 Nf3+ 27. Kg2
Nxd4 28. Nxd4 Nb2 29. Rd2 Bxa3 30. Nb5 Bc5 31. Nd1 Nc4 32. Rd7 Ne5 33. Ra7 g6
34. h3 Rd8 35. Ndc3 Rd2 36. Ne4 Rxc2 37. g4 Bxf2 38. g5 Bh4+ 39. Kf1 Nf3 40.
Nbd6 Nxg5 41. Nf6+ Kg7 42. Nde8+ Kf8 0-1

[Event "Titled Tue 26th Aug Early"]
[Site "chess.com INT"]
[Date "2025.08.26"]
[Round "10"]
[White "Parfenov, Viktor N."]
[Black "Lai, Duc Minh"]
[Result "1-0"]
[WhiteTitle "CM"]
[WhiteElo "2193"]
[BlackElo "2121"]
[WhiteFideId "4165969"]
[BlackFideId "12420387"]
[EventDate "2025.08.26"]

1. d4 Nf6 2. Nf3 e6 3. c4 Bb4+ 4. Nc3 c5 5. g3 Ne4 6. Qd3 cxd4 7. Nxd4 Qa5 8.
Nb5 a6 9. Nc7+ Qxc7 10. Qxe4 d5 11. Qd4 e5 12. Qxd5 Be6 13. Qe4 Bxc4 14. Bg2 Nc6
15. Qxc4 Qa5 16. Bxc6+ bxc6 17. Qxc6+ Ke7 18. Qb7+ Ke6 19. Qc6+ Kf5 20. O-O Rhc8
21. Qf3+ Ke6 22. Nd5 Qxd5 23. Qg4+ f5 24. Qxb4 Rab8 25. Qh4 h6 26. b3 Rc2 27.
Ba3 Rxe2 28. Qe7# 1-0

[Event "Titled Tue 26th Aug Early"]
[Site "chess.com INT"]
[Date "2025.08.26"]
[Round "10"]
[White "Shafer, Logan C"]
[Black "Imomkuzieva, Nilufarkhon"]
[Result "1-0"]
[WhiteTitle "CM"]
[BlackTitle "WFM"]
[WhiteElo "2234"]
[BlackElo "2105"]
[WhiteFideId "30993342"]
[BlackFideId "14216736"]
[EventDate "2025.08.26"]

1. e4 e5 2. Nf3 Nc6 3. Bb5 a6 4. Ba4 Nf6 5. O-O Be7 6. d3 b5 7. Bb3 d6 8. a3 O-O
9. Nc3 Na5 10. Ba2 c5 11. b4 Nc6 12. Nd5 Bb7 13. c3 c4 14. Nxf6+ Bxf6 15. dxc4
Na7 16. Qd3 Rc8 17. Be3 bxc4 18. Bxc4 Nb5 19. a4 Bxe4 20. Qxe4 Nxc3 21. Qg4 h5
22. Qxh5 Rxc4 23. Bd2 Ne2+ 24. Kh1 g6 25. Qh6 Bg7 26. Qe3 Nf4 27. Rac1 Qc7 28.
Qb3 Rxc1 29. Rxc1 Qd7 30. Bxf4 exf4 31. b5 axb5 32. axb5 Rb8 33. b6 d5 34. h3 d4
35. Rc7 Qe6 36. Qxe6 fxe6 37. b7 Kh7 38. Nxd4 Kh6 39. Nc6 1-0

[Event "Titled Tue 26th Aug Early"]
[Site "chess.com INT"]
[Date "2025.08.26"]
[Round "10"]
[White "Goldin, Roman"]
[Black "Yeung, Jason"]
[Result "1-0"]
[WhiteTitle "FM"]
[BlackTitle "FM"]
[WhiteElo "2284"]
[BlackElo "2158"]
[WhiteFideId "2803860"]
[BlackFideId "8203970"]
[EventDate "2025.08.26"]

1. e4 c5 2. Nf3 e6 3. c3 Nf6 4. e5 Nd5 5. g3 d6 6. exd6 Bxd6 7. Bg2 O-O 8. O-O
Nc6 9. d4 cxd4 10. Nxd4 Nxd4 11. Qxd4 Qc7 12. Rd1 Rd8 13. Bg5 Rd7 14. Nd2 h6 15.
Bxh6 gxh6 16. Qg4+ Kh7 17. Ne4 f5 18. Qh5 fxe4 19. Bxe4+ Kg8 20. Rxd5 exd5 21.
Bxd5+ Rf7 22. Re1 Bd7 23. Qxf7+ Kh8 24. Qf6+ Kh7 25. Be4+ Kg8 26. Qg6+ Kf8 27.
Qxh6+ Kg8 28. Bd5+ 1-0

[Event "Titled Tue 26th Aug Early"]
[Site "chess.com INT"]
[Date "2025.08.26"]
[Round "10"]
[White "Shimanov, Aleksandr"]
[Black "Karttunen, Mika"]
[Result "1-0"]
[WhiteTitle "GM"]
[BlackTitle "IM"]
[WhiteElo "2578"]
[BlackElo "2490"]
[WhiteFideId "4198603"]
[BlackFideId "502081"]
[EventDate "2025.08.26"]

1. b3 e5 2. Bb2 Nc6 3. c4 Nf6 4. Nf3 e4 5. Nd4 Nxd4 6. Bxd4 c5 7. Bxf6 Qxf6 8.
Nc3 Qc6 9. g3 f5 10. Bg2 g6 11. d3 Bg7 12. Nd5 exd3 13. O-O Qd6 14. Rc1 O-O 15.
Qxd3 Rb8 16. Rfd1 Kh8 17. h4 b6 18. e3 Be5 19. Rd2 a6 20. Rcd1 b5 21. Qc2 bxc4
22. Qxc4 Bb7 23. Nf4 Qb6 24. Rxd7 Bxg2 25. Kxg2 a5 26. Re7 Bf6 27. Re6 Qb7+ 28.
Qd5 Qc7 29. Rc6 Qe7 30. Ne6 Rfe8 31. Qxc5 Qf7 32. Nf4 Qb7 33. Kg1 Bg7 34. Rc7
Qe4 35. Rdd7 Qb1+ 36. Kg2 Rg8 37. Qe5 1-0

[Event "Titled Tue 26th Aug Early"]
[Site "chess.com INT"]
[Date "2025.08.26"]
[Round "10"]
[White "Chen, Yidong"]
[Black "Janukshan, B"]
[Result "0-1"]
[BlackTitle "CM"]
[WhiteElo "2068"]
[BlackElo "1944"]
[WhiteFideId "8607028"]
[BlackFideId "29945399"]
[EventDate "2025.08.26"]

1. e4 c5 2. Nf3 e6 3. d4 cxd4 4. Nxd4 Nf6 5. Nc3 Nc6 6. Nxc6 bxc6 7. e5 Nd5 8.
Ne4 Qc7 9. f4 Qb6 10. c4 Bb4+ 11. Ke2 Ba6 12. Kf3 f5 13. exf6 Nxf6 14. Nd6+ Ke7
15. Be3 Bc5 16. Bxc5 Qxc5 17. Ne4 Nxe4 18. Kxe4 Bxc4 19. Bxc4 Qxc4+ 20. Kf3 Rhf8
21. g3 Rab8 22. Rc1 Qxa2 23. Qd4 Rb3+ 24. Kg4 Rf6 25. Rhd1 Rb7 26. h4 Qb3 27.
Qd6+ Kf7 28. h5 g6 29. h6 Rf5 30. Qd4 e5 31. Qd6 e4 32. Qd4 Qf3+ 0-1

[Event "Titled Tue 26th Aug Early"]
[Site "chess.com INT"]
[Date "2025.08.26"]
[Round "10"]
[White "Pertinez Soria, Juan Luis"]
[Black "Marcziter, Dmitrii"]
[Result "0-1"]
[WhiteTitle "CM"]
[BlackTitle "FM"]
[WhiteElo "2125"]
[BlackElo "2188"]
[WhiteFideId "2225620"]
[BlackFideId "13900765"]
[EventDate "2025.08.26"]

1. e4 c5 2. c3 d5 3. exd5 Qxd5 4. d4 Nf6 5. Nf3 Bg4 6. Be2 e6 7. Be3 cxd4 8.
cxd4 Nc6 9. Nc3 Qd6 10. a3 Be7 11. Qb3 O-O 12. Rd1 Rfd8 13. h3 Bh5 14. O-O Na5
15. Qb5 b6 16. Rfe1 a6 17. Qd3 b5 18. Ne5 Bxe2 19. Qxe2 Rac8 20. Bf4 Qb6 21. Be3
Nd5 22. Ne4 Nc4 23. Bc1 Bf8 24. Qh5 g6 25. Qf3 f5 26. Ng5 Nxe5 27. Rxe5 Rc6 28.
h4 Bg7 29. Rxd5 exd5 30. Re1 h6 31. Nh3 Re6 32. Rd1 Qd6 33. Nf4 Re4 34. h5 g5
35. Ng6 Rde8 36. Qb3 Re1+ 0-1

[Event "Titled Tue 26th Aug Early"]
[Site "chess.com INT"]
[Date "2025.08.26"]
[Round "10"]
[White "Silva, Luca"]
[Black "Koridze, Lile"]
[Result "1-0"]
[WhiteTitle "FM"]
[BlackTitle "WFM"]
[WhiteElo "2214"]
[BlackElo "2110"]
[WhiteFideId "147370"]
[BlackFideId "13612514"]
[EventDate "2025.08.26"]

1. e4 c5 2. Nf3 d6 3. d4 cxd4 4. Nxd4 Nf6 5. f3 e5 6. Nb3 Be7 7. c4 O-O 8. Nc3
Be6 9. Be3 a5 10. a3 Nbd7 11. Be2 Nb6 12. Nd2 Rc8 13. Nd5 Nbxd5 14. cxd5 Bd7 15.
O-O Ne8 16. Qb3 b5 17. Bxb5 Rb8 18. a4 Nc7 19. Rfc1 Nxb5 20. axb5 Rxb5 21. Qc3
Bg5 22. Nc4 Bxe3+ 23. Qxe3 Qb8 24. Rc2 Rc8 25. Qd2 Rbc5 26. Rac1 Qc7 27. Ne3 Qb6
28. Rxc5 Rxc5 29. Rxc5 Qxc5 30. h4 Bb5 31. Kh2 g6 32. h5 Qd4 33. Qc1 Kg7 34. Ng4
Kf8 35. Qc8+ Ke7 36. Qh8 gxh5 37. Qf6+ Kf8 38. Nh6 Be8 39. Nf5 1-0

[Event "Titled Tue 26th Aug Early"]
[Site "chess.com INT"]
[Date "2025.08.26"]
[Round "10"]
[White "Mamedov, Edgar"]
[Black "Klukin, Kirill"]
[Result "0-1"]
[WhiteTitle "GM"]
[BlackTitle "IM"]
[WhiteElo "2490"]
[BlackElo "2401"]
[WhiteFideId "13739980"]
[BlackFideId "24199273"]
[EventDate "2025.08.26"]

1. d4 e6 2. c4 f5 3. g3 Nf6 4. Bg2 c6 5. Nh3 d6 6. O-O e5 7. b3 Be7 8. Bb2 Qc7
9. Nc3 O-O 10. d5 h6 11. f3 a5 12. e4 Na6 13. f4 fxe4 14. fxe5 dxe5 15. Nxe4
Nxe4 16. Rxf8+ Bxf8 17. Bxe4 Bxh3 18. Qh5 Nc5 19. Bc2 Qd7 20. Qg6 e4 21. Rd1 Qg4
22. Qxg4 Bxg4 23. Rd4 Bf3 24. Bc1 Na6 25. d6 Rd8 26. Bf4 g5 27. Be5 Bg7 28. Bxg7
Kxg7 29. Kf2 Nc5 30. Ke3 Kf6 31. a3 Ke5 32. b4 axb4 33. axb4 Ne6 0-1

[Event "Titled Tue 26th Aug Early"]
[Site "chess.com INT"]
[Date "2025.08.26"]
[Round "10"]
[White "Zaw, Ye Htut"]
[Black "Ugarte Soto, Cesar"]
[Result "1/2-1/2"]
[WhiteTitle "CM"]
[BlackTitle "CM"]
[WhiteElo "2074"]
[BlackElo "2088"]
[WhiteFideId "13013955"]
[BlackFideId "3601331"]
[EventDate "2025.08.26"]

1. e4 c5 2. Nf3 d6 3. d4 cxd4 4. Nxd4 Nf6 5. Nc3 g6 6. Be2 a6 7. Be3 Bg7 8. O-O
h5 9. h3 Nbd7 10. f4 Qc7 11. Bf3 e5 12. Nb3 exf4 13. Bxf4 Ne5 14. Nd5 Nxd5 15.
exd5 O-O 16. c3 Bf5 17. Nd4 Bd7 18. Qd2 Nc4 19. Qf2 Rae8 20. Qg3 Ne5 21. Rfe1
Qb6 22. b3 h4 23. Qxh4 Nxf3+ 24. gxf3 Bxd4+ 25. cxd4 Qxd4+ 26. Kh1 Qxd5 27. Qg3
Rxe1+ 28. Rxe1 Rd8 29. Kh2 Bc6 30. Bg5 Re8 31. Rxe8+ Bxe8 32. Qe1 Qe5+ 33. Qxe5
dxe5 34. Bf6 Bc6 35. Kg3 e4 36. fxe4 Bxe4 37. b4 b5 38. a3 Kf8 39. Kf4 1/2-1/2

[Event "Titled Tue 26th Aug Early"]
[Site "chess.com INT"]
[Date "2025.08.26"]
[Round "10"]
[White "Pribelszky, Bence"]
[Black "Pham, Le Thao Nguyen"]
[Result "1-0"]
[WhiteTitle "IM"]
[BlackTitle "IM"]
[WhiteElo "2428"]
[BlackElo "2348"]
[WhiteFideId "769738"]
[BlackFideId "12401226"]
[EventDate "2025.08.26"]

1. Nf3 d5 2. b3 c6 3. Bb2 Bf5 4. g3 e6 5. Bg2 Nf6 6. O-O Be7 7. d3 O-O 8. Nbd2
h6 9. a3 a5 10. Re1 Bh7 11. e4 Na6 12. Ne5 Nc5 13. Qe2 Qb6 14. Bd4 Qa6 15. c4
dxe4 16. dxe4 Rfd8 17. Qe3 Ncd7 18. b4 Nxe5 19. Bxe5 Nd7 20. Bc3 e5 21. c5 Bg5
22. f4 Bf6 23. Bf1 Qa7 24. f5 Bg5 25. Qf2 Bxd2 26. Bxd2 axb4 27. axb4 Qxa1 28.
Rxa1 Rxa1 29. Bc3 Raa8 30. Bc4 Nf6 31. Qe2 Re8 32. g4 Kf8 33. h4 g6 34. g5 Nh5
35. gxh6 Nf4 36. Qg4 f6 37. fxg6 Bxg6 38. h5 1-0

[Event "Titled Tue 26th Aug Early"]
[Site "chess.com INT"]
[Date "2025.08.26"]
[Round "10"]
[White "Gavilan Diaz, Mario"]
[Black "Kleibel, Uwe"]
[Result "0-1"]
[WhiteTitle "FM"]
[BlackTitle "FM"]
[WhiteElo "2195"]
[BlackElo "2301"]
[WhiteFideId "2260905"]
[BlackFideId "1270982"]
[EventDate "2025.08.26"]

1. d4 d5 2. c4 e6 3. Nc3 Nf6 4. cxd5 exd5 5. Bg5 c6 6. e3 Be7 7. Bd3 h6 8. Bh4
Nbd7 9. Nge2 Nh5 10. Bxe7 Qxe7 11. O-O O-O 12. Rb1 a5 13. a3 Re8 14. b4 axb4 15.
axb4 b5 16. e4 dxe4 17. Nxe4 Nb6 18. Qc2 Nc4 19. Bxc4 bxc4 20. N4c3 Be6 21. Rfe1
Reb8 22. b5 cxb5 23. d5 Bd7 24. Nd4 Qc5 25. Nf5 Bxf5 26. Qxf5 Nf6 27. Re3 b4 28.
Ne4 Nxe4 29. Rxe4 c3 30. Rbe1 c2 31. Qf4 Qxd5 32. Rd4 Qg5 33. Qc7 Rc8 0-1

[Event "Titled Tue 26th Aug Early"]
[Site "chess.com INT"]
[Date "2025.08.26"]
[Round "10"]
[White "Bortnyk, Olexandr"]
[Black "Yeletsky, Ivan"]
[Result "0-1"]
[WhiteTitle "GM"]
[BlackTitle "FM"]
[WhiteElo "2601"]
[BlackElo "2469"]
[WhiteFideId "14120828"]
[BlackFideId "24180327"]
[EventDate "2025.08.26"]

1. d4 Nf6 2. Nc3 d5 3. Bf4 e6 4. Nb5 Na6 5. e3 Be7 6. Nf3 O-O 7. h4 Bd7 8. h5 h6
9. Ne5 Be8 10. Nc3 c5 11. f3 Qb6 12. Rb1 Rc8 13. Ne2 cxd4 14. exd4 Ba4 15. b3
Be8 16. c3 Nc7 17. a4 Qa5 18. g4 Nh7 19. Kf2 b5 20. axb5 Nxb5 21. b4 Qa2 22. Bd2
Nxc3 23. Nxc3 Rxc3 24. Bd3 Bg5 25. Ke2 Ba4 26. Qe1 Bc2 27. Ra1 Bxd3+ 28. Nxd3
Qc2 29. Ne5 Re3+ 30. Kf1 Rxe1+ 31. Bxe1 Qb2 32. Rd1 Nf6 33. Nd3 Qb3 0-1

[Event "Titled Tue 26th Aug Early"]
[Site "chess.com INT"]
[Date "2025.08.26"]
[Round "10"]
[White "Janaszak, Dawid"]
[Black "Sharshenbekov, Emir"]
[Result "1-0"]
[WhiteTitle "FM"]
[BlackTitle "CM"]
[WhiteElo "2306"]
[BlackElo "2175"]
[WhiteFideId "1119206"]
[BlackFideId "13810634"]
[EventDate "2025.08.26"]

1. e4 e6 2. Nf3 d5 3. e5 d4 4. c3 dxc3 5. bxc3 c5 6. d4 Nc6 7. Bd3 Nge7 8. O-O
cxd4 9. cxd4 Nd5 10. Nbd2 Be7 11. Ne4 h6 12. a3 O-O 13. Bb1 f5 14. exf6 Nxf6 15.
Qd3 Qd5 16. Nxf6+ Bxf6 17. Qh7+ Kf7 18. a4 Ke8 19. Be4 Qd8 20. Ba3 Ne7 21. Rad1
Rb8 22. d5 exd5 23. Bg6+ Kd7 24. Bf5+ Kc6 25. Rc1+ Kb6 26. Bc5+ Ka5 27. Bxc8
Rxc8 28. Qb1 Qd7 29. Nd4 b6 30. Qd3 Rxc5 31. Nb3+ Kb4 32. Rb1 Rc3 33. Nd4+ Kxa4
34. Qxc3 b5 35. Ra1# 1-0

[Event "Titled Tue 26th Aug Early"]
[Site "chess.com INT"]
[Date "2025.08.26"]
[Round "10"]
[White "Pournami S"]
[Black "Gavarrete, Nahun"]
[Result "1-0"]
[WhiteTitle "WCM"]
[BlackTitle "FM"]
[WhiteElo "1753"]
[BlackElo "2281"]
[WhiteFideId "25732439"]
[BlackFideId "8400709"]
[EventDate "2025.08.26"]

1. e4 e5 2. Nf3 Nc6 3. d4 exd4 4. Bc4 Be7 5. Nxd4 Nf6 6. Nxc6 dxc6 7. Qe2 O-O 8.
Nc3 Re8 9. h3 Bb4 10. f3 Qd4 11. Bd2 Be6 12. Bxe6 Rxe6 13. O-O-O Qb6 14. g4 a5
15. Na4 Bxd2+ 16. Rxd2 Qb4 17. Nc3 a4 18. a3 Qb6 19. f4 Nd5 20. Nxd5 cxd5 21.
Rxd5 Rae8 22. f5 Rxe4 23. Qxe4 Rf8 24. Rhd1 h6 25. Rd8 Qf6 26. Rxf8+ Kxf8 27.
Qxb7 Kg8 28. Qxc7 Kh7 29. Qd8 Qe5 30. Qd4 Qg3 31. f6 g6 32. Qc4 h5 33. Qxf7+ Kh6
34. Qg7+ Kg5 35. f7 Qe3+ 36. Kb1 Qe2 37. Rc1 Kh4 38. f8=Q g5 39. Qff6 Qxc2+ 40.
Rxc2 hxg4 41. Qgxg5+ Kg3 42. Qxg4# 1-0

[Event "Titled Tue 26th Aug Early"]
[Site "chess.com INT"]
[Date "2025.08.26"]
[Round "10"]
[White "Harriott, Tyrell"]
[Black "Ienasoaie, Rafael"]
[Result "0-1"]
[BlackTitle "CM"]
[WhiteElo "1933"]
[BlackElo "2168"]
[WhiteFideId "2086484"]
[BlackFideId "1266659"]
[EventDate "2025.08.26"]

1. d4 f5 2. e3 Nf6 3. Bd3 g6 4. f4 Bg7 5. Nf3 O-O 6. O-O e6 7. Nbd2 d6 8. e4
fxe4 9. Nxe4 Nxe4 10. Bxe4 Nc6 11. c3 e5 12. dxe5 dxe5 13. Qb3+ Kh8 14. Ng5 Qe7
15. Bxc6 bxc6 16. Qc4 h6 17. Nf3 Be6 18. Qxc6 exf4 19. Bxf4 Rab8 20. Be3 Bd5 21.
Qxd5 Qxe3+ 22. Kh1 Rxb2 23. Rae1 Qxc3 24. Nh4 Rxf1+ 25. Rxf1 Kh7 26. Qf7 Qd3 27.
h3 Rb4 28. Re1 Rxh4 29. Re8 h5 30. Qg8+ Kh6 31. Re7 Qd1+ 32. Kh2 Qd6+ 33. Kh1
Qxe7 0-1

[Event "Titled Tue 26th Aug Early"]
[Site "chess.com INT"]
[Date "2025.08.26"]
[Round "10"]
[White "Rabin, Evan"]
[Black "Preobrazhenskaya, Diana"]
[Result "0-1"]
[BlackTitle "WFM"]
[WhiteElo "1945"]
[BlackElo "2140"]
[WhiteFideId "2028670"]
[BlackFideId "34270566"]
[EventDate "2025.08.26"]

1. d4 Nf6 2. c4 e6 3. Nc3 Bb4 4. f3 c5 5. d5 d6 6. e4 b5 7. dxe6 Bxe6 8. cxb5
O-O 9. Bd2 d5 10. exd5 Nxd5 11. Bd3 Re8 12. Nge2 Nxc3 13. Bxc3 Bxc3+ 14. bxc3
Nd7 15. O-O Rb8 16. Nf4 Qf6 17. Nxe6 Rxe6 18. Qc2 h6 19. Rae1 Ne5 20. Bh7+ Kh8
21. Bf5 Re7 22. a4 g6 23. Be4 Nc4 24. Qc1 Kg7 25. Bd5 Ne5 26. f4 Nd3 27. Rxe7
Qxe7 28. Qd2 c4 29. Kh1 Qc5 30. Be4 Rd8 31. Bxd3 cxd3 32. Rd1 Qc4 33. Qe3 Qxc3
34. Qxa7 Qc2 35. Qg1 d2 36. Qf1 Re8 37. b6 Qxd1 0-1

[Event "Titled Tue 26th Aug Early"]
[Site "chess.com INT"]
[Date "2025.08.26"]
[Round "10"]
[White "Huschenbeth, Niclas"]
[Black "Fikiet, Alex"]
[Result "0-1"]
[WhiteTitle "GM"]
[WhiteElo "2591"]
[BlackElo "2151"]
[WhiteFideId "24604747"]
[BlackFideId "2052717"]
[EventDate "2025.08.26"]

1. e4 c5 2. Nf3 d6 3. d4 cxd4 4. Nxd4 Nf6 5. Nc3 Nc6 6. Bg5 e6 7. Qd2 Bd7 8.
O-O-O a6 9. f4 b5 10. Kb1 Qc7 11. Bxf6 gxf6 12. Qe1 O-O-O 13. a4 Nxd4 14. Rxd4
Qc5 15. Qd2 h5 16. Be2 Bh6 17. Rxd6 Bc6 18. Rd3 b4 19. Na2 Bxe4 20. Nxb4 Bxd3
21. Nxd3 Qc6 22. Bf3 Qxa4 23. Re1 Rd4 24. b3 Qd7 25. Qc3+ Kb8 26. Nc5 Qd6 27.
Nxa6+ Ka7 28. Nc5 Kb6 29. Ne4 Qb4 30. Qe3 e5 0-1

[Event "Titled Tue 26th Aug Early"]
[Site "chess.com INT"]
[Date "2025.08.26"]
[Round "10"]
[White "Dreelinck, Jacob"]
[Black "Bogdanov, Artyom"]
[Result "1-0"]
[WhiteTitle "FM"]
[BlackTitle "FM"]
[WhiteElo "2278"]
[BlackElo "2383"]
[WhiteFideId "250511"]
[BlackFideId "13749200"]
[EventDate "2025.08.26"]

1. e4 e6 2. d4 d5 3. Nc3 dxe4 4. Nxe4 Nf6 5. Nxf6+ Qxf6 6. Nf3 h6 7. Bd3 Bd6 8.
O-O O-O 9. b3 b6 10. Be4 c6 11. Bb2 Bb7 12. c4 Nd7 13. Qc2 Rac8 14. Rad1 Rfe8
15. Rfe1 Qe7 16. Qe2 Nf6 17. Bb1 c5 18. Qd3 Red8 19. d5 Bb8 20. Qc2 Rd6 21. Be5
Rdd8 22. Bb2 Rd6 23. Ne5 Bxd5 24. cxd5 Rxd5 25. Ng4 Rxd1 26. Rxd1 e5 27. Nxf6+
Qxf6 28. Qh7+ Kf8 29. Qh8+ 1-0